Seguridad y bioseguridad en grandes instituciones /

Guardado en:
Autor Principal: Lucero, Nidia E.
Formato: Libro
Publicado: Buenos Aires : Federación Bioquímica de la Provincia de Buenos Aires, 1995
Materias:
Etiquetas: Agregar Etiqueta
Sin Etiquetas, Sea el primero en etiquetar este registro!
LEADER 01415nam a22002175a 4500
001 CEM.cems017873
005 20121109081604.0
008 130507s1995##################000#0#####d
003 CEMS
082 0 4 |a 576 
100 1 |a Lucero, Nidia E. 
245 1 0 |a Seguridad y bioseguridad en grandes instituciones /  |c Coordinado Por Nidia E. Lucero 
260 |a Buenos Aires :  |b Federación Bioquímica de la Provincia de Buenos Aires,  |c 1995 
300 |a 67 p. 
505 0 |a La bioseguridad y la calidad de vida / Nidia E. Lucero -- Dificultades para implementar programas de seguridad y bioseguridad / Celia E. Coto -- Importancia de los talleres nominales participativos en la optimización de programas de bioseguridad / Ramón A. de Torres -- Seguridad dentre del ámbito universitario / Laura C. Meir de Bollmann -- Un laboratorio especializado, el Instituto Fatala Chabén / Manuel Alvarez y Adelina Riarte -- Un laboratorio complejo / Raquel Terragno, Catalina Barsuk, Patricia Geoghegan -- La bioseguridad en un hospital de agudos de alta complejidad / Irma Estela Valdez -- Un hospital de agudos de alta complejidad. Bioseguridad en el Departamento materno infantil / Liliana S. Voto y Jorge Ortí 
653 |a Seguridad 
653 |a Bioseguridad 
653 |a Universidad-seguridad 
653 |a Hospital-seguridad 
653 |a Laboratorio-seguridad 
859 |a CEMS  |b BIB. CEMS - Agricultura  |h 576  |i L963  |p A0596.05  |t Ej.1  |v 1  |3 1